ATP Finals 2017 - Singolare - Statistics

Statistiche generali
  • Questo quiz è stato fatto 9 volte
  • Il punteggio medio è 6 su 9
Statistiche sulle risposte
Nazione Risultato Tennista % Corretto
Bulgaria Campione Grigor Dimitrov
89%
Svizzera Semifinale Roger Federer
89%
Germania Round robin Alexander Zverev
78%
Spagna Round robin (Infortunato) Rafael Nadal
78%
Austria Round robin Dominic Thiem
67%
Croazia Round robin Marin Čilić
67%
Spagna Round robin (Spagna) Pablo Carreño Busta
56%
Belgio Finale David Goffin
44%
Stati Uniti Semifinale Jack Sock
33%
Nessun quiz corrispondente trovato
Distribuzione punteggi
Percentuale di utenti per punteggio
Percentile per numero di risposta
I tuoi punteggi nel tempo
Non hai fatto questo quiz